| 000 | 00671nam a2200229 i 4500 | ||
|---|---|---|---|
| 003 | DO-SdBNP | ||
| 005 | 20250603155328.0 | ||
| 007 | ta | ||
| 008 | 230911b199- dr a|||| |||| 00| 0 spa d | ||
| 040 |
_aDO-SdBNP _bspa _cBNPHU _erda |
||
| 041 | _aspa | ||
| 082 | 4 |
_axxx _bxxx _222 |
|
| 245 | 0 | 0 |
_aContra la violencia intrafamiliar : _bversión explicada de la Ley 24-97. |
| 264 | 1 |
_aSanto Domingo : _bProfamilia, _c199- |
|
| 300 |
_a28 páginas : _bilustraciones ; _c28 cm. |
||
| 336 |
_atexto _btxt _2rdacontent |
||
| 337 |
_asin mediación _bnc _2rdamedia |
||
| 338 |
_avolumen _bn _2rdacarrier |
||
| 590 | _aInventariado, 2025/BT | ||
| 910 | _aBtavárez | ||
| 942 |
_2ddc _cLF2 |
||
| 999 |
_c54685 _d54685 |
||